LEADER 01503nam a2200337 a 4500 001 000000147679 003 CaOOAMICUS 005 20151126091334.0 008 151126s2015 it u000 u ita r 020 $a978-88-08-72109-9* 032 $aLibriCat 040 $aPUL$bita 082 04$a346.45 100 1 $aPatti, Salvatore.$0(OLS)http://pul/name/26751 245 10$aDelle prove :$bArt. 2697-2739 /$cSalvatore Patti. 246 34$aProve 260 $aBologna :$bZanichelli,$c2015. 300 $aXLIV, 820 p. ;$c25 cm. 490 1 $aCommentario del Codice civile e codici collegati Scialoja-Branca.$aLibro sesto.$aDella tutela dei diritti 504 $aContiene riferimenti bibliografici e indice. 650 4$aProva (diritto).$0(OLS)http://pul/subject/18725 830 0$aCommentario del Codice civile e codici collegati Scialoja-Branca-Galgano.$nLibro sesto.$pDella tutela dei diritti.$0(OLS)http://pul/title/186372 850 $aPUL 852 $aPUL$W1$xSL Diritto e Scienze Sociali 3$y79$m346. 45 COLL 7.2697$j170575$qDDC 21$B171481$CPULBib$Z2$F171481 $H126587 $81 941 1 $a9 996 $6020$a978-88-08-72109-9*$9(OLS)http://pul/number/159023 996 $6082$a346.45$9(OLS)http://pul/classification/372 996 $6245$aDelle prove :$bArt. 2697-2739$9(OLS)http://pul/title/186371 996 $6246$aProve$9(OLS)http://pul/title/186374 996 $6260$aBologna :$bZanichelli$9(OLS)http://pul/publisher/48255 LEADER 01137nam a2200289 u 4500 001 000000048662 003 CaOOAMICUS 005 20070226115026.0 008 000524s1999 it u000 u ita u 020 $a8842059677 035 $a10848384 040 $aPUL$bita 100 1 $aVolpe, Giuseppe.$0(OLS)http://pul/name/35320 245 13$aIl costituzionalismo del Novecento /$cGiuseppe Volpe. 260 $aRoma-Bari :$bEd. Laterza,$cc2000. 300 $a238 p. ;$c21 cm 490 1 $aLibri del tempo (Laterza) ;$v302 504 $aBibliografia in nota. 650 4$aDiritto costituzionale.$0(OLS)http://pul/subject/1174 830 0$aLibri del tempo (Laterza) ;$v302.$0(OLS)http://pul/title/7260 850 $aPUL 852 $aPUL$W1$xDP1 Cons. Gen., Altre Classi 1$y22$m45 M 76$j64785$nBK-PRI$b $qStampati$B64785$CPULBib$Z2$F64785 $H $81 941 1 $a8 961 $aINV: 81850 996 $6020$a8842059677$9(OLS)http://pul/number/61291 996 $6245$aIl costituzionalismo del Novecento$9(OLS)http://pul/title/65564 996 $6260$aRoma-Bari :$bEd. Laterza$9(OLS)http://pul/publisher/66963